| 000 | 00508nam a22001817a 4500 | ||
|---|---|---|---|
| 003 | BD-ChCU | ||
| 005 | 20251118101628.0 | ||
| 008 | 251118b usa ||||| |||| 00| 0 eng d | ||
| 020 | _a9781614704683 | ||
| 040 | _cBD-ChCU | ||
| 082 |
_223 _a639.8 O32 |
||
| 100 |
_aNolan, Jean T. _eEditor _916336 |
||
| 245 |
_aOffshore marine aquaculture / _cedited by Jean T. Nolan |
||
| 260 |
_aNew York: _bNova Science pub., _cc2009 |
||
| 300 | _a76p. | ||
| 650 | 0 |
_aMarine Aquaculutre _916337 |
|
| 942 |
_2ddc _cBK _n0 |
||
| 999 |
_c109540 _d109540 |
||